| 000 | 00567nam a2200181Ia 4500 | ||
|---|---|---|---|
| 008 | 151018s9999 xx 000 0 und d | ||
| 082 |
_bRBASDV46918 _a891.433 |
||
| 100 | _aदिनेश चमोला | ||
| 245 | _aनानी कि कहानिया | ||
| 250 | _b1 | ||
| 260 |
_bऊर्जा _c2008 |
||
| 300 | _a104 | ||
| 600 | _aदिनेश चमोला | ||
| 630 | _aनानी कि कहानिया | ||
| 700 | _aदिनेश चमोला | ||
| 730 | _aनानी कि कहानिया | ||
| 942 | _cBOOK | ||
| 999 |
_c1046067 _d1046064 |
||